Départements français aléatoires par sa préfecture/sous-préfecture - Statistiques

Statistiques générales
  • Ce quiz a été pris 92 fois
  • Le résultat moyen est 11 sur 20
Statistiques - réponses
Ville Département % Correct
Bourg-en-Bresse Ain
100%
Laon Aisne
100%
Soissons Aisne
100%
Moulins Allier
100%
Montluçon Allier
100%
Vichy Allier
100%
Nice Alpes Maritimes
100%
Sedan Ardennes
100%
Foix Ariège
100%
Troyes Aube
100%
Millau Aveyron
100%
Haguenau Bas Rhin
100%
Molsheim Bas Rhin
100%
Belfort Belfort
100%
Marseille Bouches du Rhône
100%
Caen Calvados
100%
Bayeux Calvados
100%
Vire Calvados
100%
Aurillac Cantal
100%
Angoulême Charente
100%
La Rochelle Charente Maritime
100%
Rochefort Charente Maritime
100%
Bourges Cher
100%
Tulle Corrèze
100%
Dijon Côte d'Or
100%
Guéret Creuse
100%
Niort Deux Sèvres
100%
Sarlat-la-Canéda Dordogne
100%
Montbéliard Doubs
100%
Valence Drôme
100%
Palaiseau Essonne
100%
Évreux Eure
100%
Quimper Finistère
100%
Nîmes Gard
100%
Condom Gers
100%
Bordeaux Gironde
100%
Blaye Gironde
100%
Lesparre-Médoc Gironde
100%
Pointe-à-Pitre Guadeloupe
100%
Cayenne Guyane
100%
Saint-Laurent-du-Maroni Guyane
100%
Bastia Haute Corse
100%
Calvi Haute Corse
100%
Corte Haute Corse
100%
Toulouse Haute Garonne
100%
Chaumont Haute Marne
100%
Vesoul Haute Saône
100%
Annecy Haute Savoie
100%
Tarbes Hautes Pyrénées
100%
Colmar Haut Rhin
100%
Nanterre Hauts de Seine
100%
Châteauroux Indre
100%
Tours Indre et Loire
100%
Grenoble Isère
100%
Mont-de-Marsan Landes
100%
Dax Landes
100%
Saint-Denis La Réunion
100%
Saint-Benoît La Réunion
100%
Nantes Loire Atlantique
100%
Agen Lot et Garonne
100%
Saint-Lô Manche
100%
Châlons-en-Champagne Marne
100%
Fort-de-France Martinique
100%
Laval Mayenne
100%
Mamoudzou Mayotte
100%
Nancy Meurthe et Moselle
100%
Vannes Morbihan
100%
Lorient Morbihan
100%
Metz Moselle
100%
Thionville Moselle
100%
Lille Nord
100%
Beauvais Oise
100%
Paris Paris
100%
Calais Pas de Calais
100%
Lens Pas de Calais
100%
Ambert Puy de Dôme
100%
Perpignan Pyrénées Orientales
100%
Chalon-sur-Saône Saône et Loire
100%
Le Mans Sarthe
100%
Saint-Jean-de-Maurienne Savoie
100%
Fontainebleau Seine et Marne
100%
Rouen Seine Maritime
100%
Bobigny Seine Saint Denis
100%
Albi Tarn
100%
Cergy-Pontoise Val d'Oise
100%
Argenteuil Val d'Oise
100%
Poitiers Vienne
100%
Avallon Yonne
100%
Rodez Aveyron
86%
Gap Hautes Alpes
83%
Montpellier Hérault
83%
Cherbourg-en-Cotentin Manche
83%
Bayonne Pyrénées Atlantiques
83%
Mulhouse Haut Rhin
80%
Reims Marne
80%
Strasbourg Bas Rhin
75%
Sélestat Bas Rhin
75%
Béziers Hérault
75%
Dole Jura
75%
Bar-le-Duc Meuse
75%
Verdun Meuse
75%
Forbach Moselle
75%
Issoire Puy de Dôme
75%
Chambéry Savoie
75%
Saint-Denis Seine Saint Denis
75%
Toulon Var
75%
Draguignan Var
75%
Forcalquier Alpes de Haute Provence
71%
Rethel Ardennes
67%
Pamiers Ariège
67%
Narbonne Aude
67%
Aix-en-Provence Bouches du Rhône
67%
Istres Bouches du Rhône
67%
Saint-Jean-d’Angély Charente Maritime
67%
Ajaccio Corse du Sud
67%
Beaune Côte d'Or
67%
Besançon Doubs
67%
Pontarlier Doubs
67%
Évry-Courcouronnes Essonne
67%
Alès Gard
67%
Rennes Ille et Vilaine
67%
Lons-le-Saunier Jura
67%
Roanne Loire
67%
Châteaubriant Loire Atlantique
67%
Blois Loir et Cher
67%
Cholet Maine et Loire
67%
Mayenne Mayenne
67%
Sarrebourg Moselle
67%
Nevers Nièvre
67%
Compiègne Oise
67%
Arras Pas de Calais
67%
Mâcon Saône et Loire
67%
Louhans Saône et Loire
67%
Albertville Savoie
67%
Melun Seine et Marne
67%
Torcy Seine et Marne
67%
Amiens Somme
67%
Créteil Val de Marne
67%
Carpentras Vaucluse
67%
Saint-Dié-des-Vosges Vosges
67%
Sens Yonne
67%
Saint-Germain-en-Laye Yvelines
67%
Belley Ain
60%
Saint-Gaudens Haute Garonne
60%
Argelès-Gazost Hautes Pyrénées
60%
Limoges Haute Vienne
60%
Redon Ille et Vilaine
60%
Saint-Nazaire Loire Atlantique
60%
Figeac Lot
60%
Abbeville Somme
60%
Antony Hauts de Seine
57%
Grasse Alpes Maritimes
50%
Privas Ardèche
50%
Saint-Girons Ariège
50%
Carcassonne Aude
50%
Saverne Bas Rhin
50%
Mauriac Cantal
50%
Saint-Flour Cantal
50%
Saintes Charente Maritime
50%
Dinan Côtes d'Armor
50%
Lannion Côtes d'Armor
50%
Périgueux Dordogne
50%
Chartres Eure et Loir
50%
Châteaulin Finistère
50%
Morlaix Finistère
50%
Mirande Gers
50%
Arcachon Gironde
50%
Muret Haute Garonne
50%
Briançon Hautes Alpes
50%
Bonneville Haute Savoie
50%
Thonon-les-Bains Haute Savoie
50%
Bagnères-de-Bigorre Hautes Pyrénées
50%
Thann Haut Rhin
50%
Boulogne-Billancourt Hauts de Seine
50%
Saint-Malo Ille et Vilaine
50%
Issoudun Indre
50%
La Châtre Indre
50%
Chinon Indre et Loire
50%
Vienne Isère
50%
Vendôme Loir et Cher
50%
Cahors Lot
50%
Gourdon Lot
50%
Nérac Lot et Garonne
50%
Avranches Manche
50%
Lunéville Meurthe et Moselle
50%
Pontivy Morbihan
50%
Douai Nord
50%
Alençon Orne
50%
Béthune Pas de Calais
50%
Saint-Omer Pas de Calais
50%
Clermont-Ferrand Puy de Dôme
50%
Lyon Rhône
50%
La Flèche Sarthe
50%
Mamers Sarthe
50%
Castelsarrasin Tarn et Garonne
50%
Versailles Yvelines
50%
Barcelonnette Alpes de Haute Provence
40%
Lisieux Calvados
40%
Montargis Loiret
40%
Coutances Manche
40%
Nantua Ain
33%
Saint-Quentin Aisne
33%
Nogent-sur-Seine Aube
33%
Confolens Charente
33%
Jonzac Charente Maritime
33%
Vierzon Cher
33%
Bergerac Dordogne
33%
Nontron Dordogne
33%
Nogent-le-Rotrou Eure et Loir
33%
Saint-Julien-en-Genevois Haute Savoie
33%
Lodève Hérault
33%
Mende Lozère
33%
Cambrai Nord
33%
Argentan Orne
33%
Boulogne-sur-Mer Pas de Calais
33%
Pau Pyrénées Atlantiques
33%
Oloron-Sainte-Marie Pyrénées Atlantiques
33%
Provins Seine et Marne
33%
Dieppe Seine Maritime
33%
Castres Tarn
33%
Nogent-sur-Marne Val de Marne
33%
Apt Vaucluse
33%
Montmorillon Vienne
33%
Auxerre Yonne
33%
Villefranche-de-Rouergue Aveyron
25%
Arles Bouches du Rhône
25%
Cognac Charente
25%
Lure Haute Saône
25%
Rochechouart Haute Vienne
25%
Orléans Loiret
25%
Segré Maine et Loire
25%
Sarreguemines Moselle
25%
Céret Pyrénées Orientales
25%
Montdidier Somme
25%
Montauban Tarn et Garonne
25%
Neufchâteau Vosges
25%
Château-Thierry Aisne
20%
Dreux Eure et Loir
20%
Château-Chinon Nièvre
20%
Commercy Meuse
17%
Pithiviers Loiret
14%
Saint-Georges Guyane
13%
Saint-Paul La Réunion
13%
Gex Ain
0%
Vervins Aisne
0%
Digne-les-Bains Alpes de Haute Provence
0%
Castellane Alpes de Haute Provence
0%
Largentière Ardèche
0%
Tournon-sur-Rhône Ardèche
0%
Charleville-Mézières Ardennes
0%
Vouziers Ardennes
0%
Bar-sur-Aube Aube
0%
Limoux Aude
0%
Saint-Amand-Montrond Cher
0%
Brive-la-Gaillarde Corrèze
0%
Ussel Corrèze
0%
Sartène Corse du Sud
0%
Montbard Côte d'Or
0%
Saint-Brieuc Côtes d'Armor
0%
Guingamp Côtes d'Armor
0%
Aubusson Creuse
0%
Bressuire Deux Sèvres
0%
Parthenay Deux Sèvres
0%
Die Drôme
0%
Nyons Drôme
0%
Étampes Essonne
0%
Bernay Eure
0%
Les Andelys Eure
0%
Châteaudun Eure et Loir
0%
Brest Finistère
0%
Le Vigan Gard
0%
Auch Gers
0%
Langon Gironde
0%
Libourne Gironde
0%
Basse-Terre Guadeloupe
0%
Le Puy-en-Velay Haute Loire
0%
Brioude Haute Loire
0%
Yssingeaux Haute Loire
0%
Langres Haute Marne
0%
Saint-Dizier Haute Marne
0%
Bellac Haute Vienne
0%
Altkirch Haut Rhin
0%
Fougères Ille et Vilaine
0%
Le Blanc Indre
0%
Loches Indre et Loire
0%
La Tour-du-Pin Isère
0%
Saint-Claude Jura
0%
Saint-Pierre La Réunion
0%
Saint-Étienne Loire
0%
Montbrison Loire
0%
Romorantin-Lanthenay Loir et Cher
0%
Marmande Lot et Garonne
0%
Villeneuve-sur-Lot Lot et Garonne
0%
Florac Lozère
0%
Angers Maine et Loire
0%
Saumur Maine et Loire
0%
Épernay Marne
0%
Vitry-le-François Marne
0%
La Trinité Martinique
0%
Le Marin Martinique
0%
Saint-Pierre Martinique
0%
Château-Gontier Mayenne
0%
Val de Briey Meurthe et Moselle
0%
Toul Meurthe et Moselle
0%
Clamecy Nièvre
0%
Cosne-Cours-sur-Loire Nièvre
0%
Avesnes-sur-Helpe Nord
0%
Dunkerque Nord
0%
Valenciennes Nord
0%
Clermont Oise
0%
Senlis Oise
0%
Mortagne-au-Perche Orne
0%
Montreuil Pas de Calais
0%
Riom Puy de Dôme
0%
Thiers Puy de Dôme
0%
Prades Pyrénées Orientales
0%
Villefranche-sur-Saône Rhône
0%
Autun Saône et Loire
0%
Charolles Saône et Loire
0%
Meaux Seine et Marne
0%
Le Havre Seine Maritime
0%
Le Raincy Seine Saint Denis
0%
Péronne Somme
0%
L’Haÿ-les-Roses Val de Marne
0%
Sarcelles Val d'Oise
0%
Brignoles Var
0%
Avignon Vaucluse
0%
La Roche-sur-Yon Vendée
0%
Fontenay-le-Comte Vendée
0%
Les Sables-d’Olonne Vendée
0%
Châtellerault Vienne
0%
Épinal Vosges
0%
Mantes-la-Jolie Yvelines
0%
Rambouillet Yvelines
0%
Aucun quiz correspondant
Distribution des résultats
% des personnes avec chaque résultat
Percentile par nombre de réponses
Votre historique - résultats
Vous n’avez pas pris ce quiz